01115pab a2200169 454500008004000000100001600040245010500056260000900161300001500170362000800185520060200193650004200795650004200837650002600879700001900905773002100924180718b2007 xxu||||| |||| 00| 0 eng d aLong, Jason aThe path to convergence: intergenerational occupational mobility in Britain and the US in three ERAs c2007 ap.C61-C71. aMar aLate nineteenth-century intergenerational Occupational mobility was higher in the US than in Britain. Differences between them in this type of mobility are absent today. Using data on 10,000 US and British father and son pairs followed over two intervals (the 1860s and 1870s, and the 1880s and 1890s), we examine how this convergence occurred. The US remained more mobile then Britain through 1900 but the difference fell over the last two decades of the nineteenth century (as British mobility rose) and was erased by the 1950s (as mobility fell by more in the US than in Britain). - Reproduced. aOccupational mobility - United States aOccupational mobility - Great Britain aOccupational mobility aFerrie, Joseph aEconomic Journal